000 01078nam a2200241 a 4500
001 22204
003 CO-ViMGA
008 141112s2004 ck r 000 u spa d
020 _a970150819X
040 _aCO-ViMGA
_bspa
_cCO-ViMGA
082 0 4 _a627.1 M177i
100 1 _aMartin Vide, Juan P.
_931639
245 1 0 _aIngeniería de ríos
260 _aBarcelona :
_bAlfaomega,
_c2003
300 _a331p
505 _aIntroducción : los ríos 21 - - Nociones de morfología fluvial 25 - - Nociones de hidráulica fluvial 55 - - Encauzamientos : concepción y proyecto 97 - - Encauzamientos : cálculo 165 - - Encauzamientos : materiales y metodos 215 - - Hidráulica de puentes 237 - - Modelos reducidos en ingeniería fluvial 273
590 _aForma de adquisición : Compra - - Precio : 58.000 - - Proveedor : Bernalibros - - Fecha de adquisición : Octubre 2007
650 1 4 _aCONTROL DE SEDIMIENTOS
_931640
650 1 4 _aESTRUCTURAS HIDRÁULICAS
_97918
650 1 4 _aINGENIERÍA DE ESTRUCTURAS
_915143
650 1 4 _aPUENTES - CIMIENTOS Y PILAS
_931641
942 _2ddc
_cBK
999 _c30630
_d30630